000 00673nam a2200229 i 4500
001 C2-0304365
003 PPAK
005 20180728085424.0
008 100519s xx a|||| ||||| | may d
040 _aPPAK
_beng
_cPPAK
_erda
082 0 4 _a927.8512
_223
090 0 0 _a927.8512
_bZUR
_dKK
100 0 _aZurinah Hassan,
_eauthor
245 1 0 _aMengenang Zubir Ali
_bPohon Puisi Berbunga Melodi
300 _a3 pages :
_billustrations ;
_c30 cm
336 _2rdacontent
_atext
337 _2rdamedia
_aunmediated
338 _2rdacarrier
_avolume
500 _aArtikel dari majalah Dewan Sastera Jun 2009
650 1 0 _aMalaysia ; Musiciam - Biography
942 _ddc
_cB
999 _c107502
_d107502